La medida cautelar en la Ley del Procedimiento Administrativo General como garantía estructural de la tutela administrativa efectiva ante situaciones de urgencia (Registro nro. 22604)
[ vista simple ]
| 000 -Cabecera | |
|---|---|
| Campo de control interno | 02577nam a2200277 4500 |
| 001 - Número de control | |
| control field | ESSALUD |
| 005 - Fecha y hora de la última transacción | |
| Campo de control | 20260701155323.0 |
| 007 - Tipo material - Descripcion fisica - info general | |
| Tipo material - Descripcion fisica - info general | ta |
| 008 - Elementos de Longitud Fija - Información General | |
| Elementos de Longitud Fija - Información | t pe ||||| |||| 00| 0 spa d |
| 040 ## - Origen de la Catalogación | |
| Origen de la Catalogación | BMG |
| 041 ## - Idioma | |
| Idioma | spa |
| 100 ## - Autor | |
| Autor | Chiong Lizano, Orlando Yahir |
| Rol del Autor | Autor |
| 9 (RLIN) | 53079 |
| 245 ## - Titulo | |
| Titulo | La medida cautelar en la Ley del Procedimiento Administrativo General como garantía estructural de la tutela administrativa efectiva ante situaciones de urgencia |
| 246 ## - Variante del Titulo | |
| Titulo | Precautionary measures in the General Administrative Procedure Law as a structural guarantee of effective administrative protection in urgent situations |
| 300 ## - Páginas | |
| Paginación | páginas 151-162 |
| 520 ## - Resumen | |
| Resumen | El artículo examina la medida cautelar prevista en el Texto Único Ordenado de la Ley del Procedimiento Administrativo General - Ley Nº 27444, como instrumento esencial para asegurar la tutela administrativa en situaciones urgentes, revisando su naturaleza, finalidad y fundamento normativo. El estudio también aborda su relación con la autotutela administrativa y los referentes comparados europeo-latinoamericanos. Finalmente, se identifican limitaciones normativas y operativas en la aplicación de las medidas cautelares en sede administrativa en el Perú y se plantean lineamientos orientados a fortalecer su eficacia dentro de un modelo administrativo garantista y orientado al valor público. |
| 520 ## - Resumen | |
| Resumen | This article examines the precautionary measure provided far in the Consolidated Text of the General Administrative Procedure Law - Law No. 27444 – as an essential instrument for ensuring administrative protection in urgent situations, reviewing its nature, purpose, and legal basis. The study also addresses its relationship with administrative self-protection and comparative European and Latin American precedents. Finally, it identifies regulatory and operational limitations in the application of precautionary measures in administrative proceedings in Peru and proposes guidelines aimed at strengthening their effectiveness within a rights-based administrative model oriented toward public value. |
| 650 ## - Temas - Descriptores | |
| Temas - Descriptores | MEDIDA CAUTELAR |
| 9 (RLIN) | 53080 |
| 650 ## - Temas - Descriptores | |
| Temas - Descriptores | TUTELA ADMINISTRATIVA EFECTIVA |
| 9 (RLIN) | 53081 |
| 650 ## - Temas - Descriptores | |
| Temas - Descriptores | AUTOTUTELA ADMINISTRATIVA |
| 9 (RLIN) | 53082 |
| 650 ## - Temas - Descriptores | |
| Temas - Descriptores | PRECAUTIONARY MEASURE |
| 9 (RLIN) | 53083 |
| 650 ## - Temas - Descriptores | |
| Temas - Descriptores | EFFECTIVE ADMINISTRATIVE PROTECTION |
| 9 (RLIN) | 53084 |
| 650 ## - Temas - Descriptores | |
| Temas - Descriptores | ADMINISTRATIVE SELFPROTECTION |
| 9 (RLIN) | 53085 |
| 773 0# - Revista (Relacion con el numero) | |
| Host Biblionumber | 22573 |
| Host Itemnumber | 22621 |
| Ciudad, Editorial | Lima Grupo Praxis Formación Profesional, 2026- |
| Codigo barras item/ejemplar | PRA002 |
| Titulo de la Revista | Praxis Civil & Procesal Civil |
| Número de control de registro | ESSALUD |
| ISSN | 3119-7671 |
| 942 ## - Elementos de Koha | |
| Tipo de Documento | Artículos |
| Fecha procesamiento | 2026-07-01 |
| Catalogador | sqb |
No hay ítems disponibles.